UNIX system V Release 4 (Record no. 11117)
[ view plain ]
| 000 -LEADER | |
|---|---|
| fixed length control field | 00388 a2200145 4500 |
| 020 ## - INTERNATIONAL STANDARD BOOK NUMBER | |
| International Standard Book Number | 0139470867 |
| 082 ## - DEWEY DECIMAL CLASSIFICATION NUMBER | |
| Classification number | 005.43 |
| 090 ## - LOCALLY ASSIGNED LC-TYPE CALL NUMBER (OCLC); LOCAL CALL NUMBER (RLIN) | |
| -- | 7314 |
| -- | 7314 |
| 100 ## - MAIN ENTRY--PERSONAL NAME | |
| Personal name | AT&T |
| 245 ## - TITLE STATEMENT | |
| Title | UNIX system V Release 4 |
| Remainder of title | system administrator's guide |
| Statement of responsibility, etc. | AT&T |
| 260 ## - PUBLICATION, DISTRIBUTION, ETC. | |
| Place of publication, distribution, etc. | USA |
| Name of publisher, distributor, etc. | Prentice Hall |
| Date of publication, distribution, etc. | 1990 |
| 500 ## - GENERAL NOTE | |
| General note | UNIX Software Operation. |
| 650 ## - SUBJECT ADDED ENTRY--TOPICAL TERM | |
| Topical term or geographic name entry element | 1. UNIX system (Computer file). |
| 942 ## - ADDED ENTRY ELEMENTS (KOHA) | |
| Koha item type | Book |
| Call number prefix | 005.43 ATT |
| Withdrawn status | Lost status | Damaged status | Not for loan | Permanent Location | Current Location | Shelving location | Total Checkouts | Full call number | Barcode | Date last seen | Price effective from | Koha item type |
|---|---|---|---|---|---|---|---|---|---|---|---|---|
| Central Library (CL) | Central Library (CL) | First Floor - Operating System/ Data Structure | 005.43 ATT | SEECSD00595 | 11/14/2012 | 11/14/2012 | Book |
